Jjk Quiz - Statistics

General Stats
  • This quiz has been taken 606 times
  • The average score is 7 of 9
Answer Stats
Hint Answer % Correct
Special grade sorcerer with white hair and a face covering, also a teacher at Jujutsu High. Satoru Gojo
94%
Entity known as, "The King of Curses". Ryomen Sukuna
88%
Emo kid with black hair and a deadbeat dad. Megumi Fushiguro
84%
Deadbeat dad of the character above, is part of the Zenin Clan but has no cursed energy. Toji Fushiguro
80%
Main character with pink hair, swallows finger in the beginning of the show. Itadori Yuji
77%
Special grade sorcerer with long black hair, ex best friend of the white haired sorcerer. Suguru Geto
76%
Special grade sorcerer and a 2nd year student at Tokyo Jujutsu High, haunted by is late friend. Yuta Okkotsu
64%
Former student at Jujutsu High who went on to be a salaryman. Kento Nanami
61%
Female first year student at Jujutsu High, also a grade 2 sorcerer. Nobara Kugisaki
60%
No matching quizzes found
Score Distribution
Percent of People with Each Score
Percentile by Number Answered
Your Score History
You have not taken this quiz